• 首页
  • 本馆介绍
  • 公告通知
  • 最新文献
  • 馆藏检索
  • 电子资源
  • 读者导购
  • 参考咨询
  • 我的图书馆
  • 登录
  • 详细信息显示
  • 放入我的书架
  • 预约/预借图书
  • 作者相关作品
  • 分类相关作品
  • 丛书相关作品
  • 出版社相关作品

书目信息

  • 表格格式
  • 工作单格式
  • 卡片格式
题名:
北京地区电气安全工作规程
    
 
作者: 北京供电局 颁发
分册:  
出版信息: 北京   北京出版社  1981
页数: 90页
开本: 19cm
丛书名:
单 册:
中图分类: TM05
科图分类:
主题词: 电气工业-安全规程--北京 , 安全规程-电气工业--北京
电子资源:
ISBN:
000 00716nam0 2200241 45
001 0181003887
005 20060413110835.17
010    @dCNY0.26
091    @aCN@b15071.40
100    @a19950317d1981 em y0chiy0121 ea
101 0  @achi
102    @aCN@b110000
105    @ay l 000yy
200 10 @a北京地区电气安全工作规程@Abei jing di qu dian qi an quan gong zuo gui cheng@f北京供电局颁发@Fbei jing gong dian ju ban fa
210    @a北京@c北京出版社@d1981
215    @a90页@d19cm
606    @a电气工业-安全规程@y北京
606    @a安全规程-电气工业@y北京
690    @aTM05@v3
701  0 @a北京供电局@Abei jing gong dian ju@4颁发
801  2 @aCN@bNLC@c20060413
801  0 @aCN@bTSSF
905    @a10447@dTM05@e3
    
    北京地区电气安全工作规程/北京供电局颁发.-北京:北京出版社,1981
    90页;19cm
    
    
    ISBN :CNY0.26
    
●
相关链接 在E读中查询图书 在五车中查询图书 在当当中查询图书 在豆瓣中查询图书


正题名:北京地区电气安全工作规程     索取号:TM05/3         预约/预借

序号 登录号 条形码 馆藏地/架位号 状态 备注
1 0068611   000799504   密集书库/ [索取号:TM05/3] 在馆    
唐山师范学院图书馆 欢迎您!
大连网信软件有限公司© 版权所有